Reingeniería en la gerencia (Registro nro. 2617)
[ vista simple ]
| 000 -LEADER | |
|---|---|
| fixed length control field | 01402 a2200229 4500 |
| 001 - CONTROL NUMBER | |
| control field | 36157 |
| 005 - DATE AND TIME OF LATEST TRANSACTION | |
| control field | 20260407155638.0 |
| 008 - FIXED-LENGTH DATA ELEMENTS--GENERAL INFORMATION | |
| fixed length control field | 260407a1995 arg spa d |
| 003 - CONTROL NUMBER IDENTIFIER | |
| control field | AR-UNSa-BCEJYS |
| 040 ## - CATALOGING SOURCE | |
| Original cataloging agency | AR-UNSa-BCEJYS |
| Language of cataloging | spa |
| Transcribing agency | AR-UNSa-BCEJYS |
| 080 ## - UNIVERSAL DECIMAL CLASSIFICATION NUMBER | |
| Universal Decimal Classification number | 658.016.7 |
| Common auxiliary subdivision | Principios generales. Eficiencia. Racionalización. Productividad (Reingeniería) |
| 020 ## - INTERNATIONAL STANDARD BOOK NUMBER | |
| International Standard Book Number | 958-04-3199-X |
| 100 1# - MAIN ENTRY--PERSONAL NAME | |
| Personal name | Champy, James |
| 245 10 - TITLE STATEMENT | |
| Title | Reingeniería en la gerencia |
| Name of part/section of a work | cómo modificar el trabajo gerencial para rediseñar con éxito |
| 264 #1 - PRODUCTION, PUBLICATION, DISTRIBUTION, MANUFACTURE, AND COPYRIGHT NOTICE | |
| Place of production, publication, distribution, manufacture | Bogotá : |
| Name of producer, publisher, distributor, manufacturer | Grupo Editorial Norma |
| Date of production, publication, distribution, manufacture, or copyright notice | 1995 |
| 300 ## - PHYSICAL DESCRIPTION | |
| Extent | 244 p. |
| Dimensions | 23 cm. |
| 505 ## - FORMATTED CONTENTS NOTE | |
| Formatted contents note | 1.¿ La administración?¿Por qué rediseñar la administración? - 2. El problema de la administración - 3. Vivir con las preguntas - 4. Al fin y al cabo,¿para qué es este negocio? - 5. Casos pertinentes: Qué era lo que queríamos - 6. ¿Qué clase de cultura queremos? - 7. Casos perinentes: qué era lo que queríamos - 8.¿Cómo haremos nuestro trabajo? - 9. Casos pertinentes: Pensar en procesos administrativos - 10.¿ Con qué clase de personas queremos trabajar? - 11. Casos pertinetes: Cómo escogemos - 12. La segunda revolución gerencial - Reconociemientos. |
| 590 ## - LOCAL NOTE (RLIN) | |
| Local note | niveau_biblio:m niveau_hierar:0 |
| 700 1# - ADDED ENTRY--PERSONAL NAME | |
| Personal name | Cárdenas Nannetti, Jorge |
| 856 41 - ELECTRONIC LOCATION AND ACCESS | |
| Uniform Resource Identifier | <a href="https://biblioeco.unsa.edu.ar/pmb/images/libros/L85405.jpg">https://biblioeco.unsa.edu.ar/pmb/images/libros/L85405.jpg</a> |
| Link text | Imagen de portada |
| Electronic format type | image/jpeg |
| 942 ## - ADDED ENTRY ELEMENTS (KOHA) | |
| Koha item type | |
| Withdrawn status | Lost status | Damaged status | Not for loan | Home library | Current library | Shelving location | Date acquired | Total checkouts | Full call number | Barcode | Date last seen | Price effective from | Koha item type |
|---|---|---|---|---|---|---|---|---|---|---|---|---|---|
| Biblioteca Prof. Eusebio Cleto del Rey | Biblioteca Prof. Eusebio Cleto del Rey | 07/04/2026 | 658.016.7 C449r | L85405 | 07/04/2026 | 07/04/2026 | Libro | ||||||
| Biblioteca Prof. Eusebio Cleto del Rey | Biblioteca Prof. Eusebio Cleto del Rey | 07/04/2026 | 658.016.7 C449r | L87148 | 07/04/2026 | 07/04/2026 | Libro | ||||||
| Biblioteca Prof. Eusebio Cleto del Rey | Biblioteca Prof. Eusebio Cleto del Rey | 07/04/2026 | 658.016.7 C449r | L87149 | 07/04/2026 | 07/04/2026 | Libro | ||||||
| Biblioteca Prof. Eusebio Cleto del Rey | Biblioteca Prof. Eusebio Cleto del Rey | 07/04/2026 | 658.016.7 C449r | L85406 | 07/04/2026 | 07/04/2026 | Libro |